US States By Highest Elevation Quiz Stats

 Plays Quiz not verified by Sporcle

Score 0/50 Timer 12:00
0 Plays Today
Highest Elevation State % Correct
Mt McKinley 20,320 ftAlaska
99.1%
Mauna Kea 13,803 ftHawaii
97.4%
Mt Rainier 14,410 ftWashington
95.7%
Mt Whitney 14,505 ftCalifornia
94%
Mt Elbert 14,440 ftColorado
94%
Mount Hood 11,249 ftOregon
88.8%
Kings Peak 13,528 ftUtah
86.2%
Gannett Peak 13,809 ftWyoming
85.3%
Wheeler Peak 13,167 ftNew Mexico
83.6%
Granite Peak 12,807 ftMontana
83.6%
Borah Peak 12,668 ftIdaho
83.6%
Boundary Peak 13,147 ftNevada
81.9%
Humphreys Peak 12,637 ftArizona
80.2%
Guadalupe Peak 8,751 ftTexas
80.2%
Mt Washington 6,288 ftNew Hampshire
80.2%
Britton Hill 345 ftFlorida
75.9%
Harney Peak 7,244 ftSouth Dakota
75%
Mt Sunflower 4,039 ftKansas
75%
Mount Mitchell 6,684 ftNorth Carolina
73.3%
Mt Katahdin 5,268 ftMaine
73.3%
Mt Mansfield 4,395 ftVermont
72.4%
Clingmans Dome 6,643 ftTennessee
71.6%
Mt Marcy 5,344 ftNew York
70.7%
Panorama Point 5,424 ftNebraska
68.1%
Hawkeye Point 1,670 ftIowa
68.1%
Highest Elevation State % Correct
Mt Rogers 5,729 ftVirginia
67.2%
Black Mesa 4,973 ftOklahoma
67.2%
Hoosier Hill 1,257 ftIndiana
67.2%
Spruce Knob 4,863 ftWest Virginia
66.4%
Brasstown Bald 4,784 ftGeorgia
66.4%
Jerimoth Hill 812 ftRhode Island
66.4%
Black Mountain 4,145 ftKentucky
63.8%
White Butte 3,506 ftNorth Dakota
63.8%
Driskill Mountain 535 ftLouisiana
63.8%
Sassafras Mountain 3,560 ftSouth Carolina
62.9%
Ebright Azimuth 451 ftDelaware
62.1%
Mt Greylock 3,492 ftMassachusetts
61.2%
Woodall Mountain 807 ftMississippi
60.3%
Cheaha Mountain 2,413 ftAlabama
59.5%
Timms Hill 1,951 ftWisconsin
59.5%
Mt Davis 3,213 ftPennsylvania
58.6%
Hoye-Crest 3,360 ftMaryland
56.9%
Eagle Mountain 2,301 ftMinnesota
56%
Mt Arvon 1,979 ftMichigan
56%
High Point 1,803 ftNew Jersey
56%
Campbell Hill 1,550 ftOhio
56%
Magazine Mountain 2,753 ftArkansas
55.2%
Mt Frissell 2,380 ftConnecticut
55.2%
Taum Sauk Mountain 1,772 ftMissouri
55.2%
Charles Mound 1,235 ftIllinois
54.3%

You're not logged in!

Compare scores with friends on all Sporcle quizzes.
OR
Log In

Show Comments

Extras

Top Quizzes Today


Score Distribution

Your Account Isn't Verified!

In order to create a playlist on Sporcle, you need to verify the email address you used during registration. Go to your Sporcle Settings to finish the process.

Report this User

Report this user for behavior that violates our Community Guidelines.

Details: